El crimen organizado internacional Una grave amenaza a la democracia en América Latina y el Caribe /

El documento consiste en un informe que analiza las características del crimen organizado y su impacto en los sistemas políticos democráticos, desarrollando y mejorando las capacidades de gobernabilidad democrática de la región.

Guardado en:
Bibliografiske detaljer
Hovedforfatter: Rojas Aravena, Francisco
Format: Bog
Sprog:Spanish
Udgivet: San José, Costa Rica FLACSO 2006
Fag:
Tags: Tilføj Tag
Ingen Tags, Vær først til at tagge denne postø!

MARC

LEADER 00000nam a22000007a 4500
003 cru CIDCACS/IIS
005 20230510135427.0
008 170109b2006 cr |||| |||| 00| 0 sspa
040 |a CRAI/IIS  |c CRAI/IIS 
090 |a 02.04.02 R741c 
100 1 |9 448  |a Rojas Aravena, Francisco 
245 1 3 |a El crimen organizado internacional  |b Una grave amenaza a la democracia en América Latina y el Caribe /  |c Francisco Rojas Aravena 
260 |a San José, Costa Rica  |b FLACSO  |c 2006 
300 |a 52 páginas 
520 3 |a El documento consiste en un informe que analiza las características del crimen organizado y su impacto en los sistemas políticos democráticos, desarrollando y mejorando las capacidades de gobernabilidad democrática de la región. 
650 1 0 |9 449  |a CRIMEN ORGANIZADO 
650 1 0 |9 730  |a TRAFICO DE ARMAS 
650 1 0 |9 390  |a REFORMA ECONOMICA 
650 1 0 |9 83  |a DEMOCRACIA 
650 1 0 |9 451  |a INSEGURIDAD CIUDADANA 
942 |2 ddc  |c LI  |i 02.04.02 R741c  |h 01864  |6 01864_020402_R741C 
999 |c 18804  |d 18804